000 00772nab a2200241 u 4500
001 18162
003 HDC
007 cr bn ---aaaaa
008 210126c |r|noo 0 a d
040 _aHDC
245 0 _aMIPR to focus on halal brand, aquaculture, eco-tourism
260 _aBrunei :
_bBrunei Times PLC,
_c2010
336 _atext
_2rdacontent
337 _acomputer
_2rdamedia
338 _aonline resource
_2rdacarrier
650 _aAquaculture
_913985
650 _aHalal brand
_9519
710 _aThe Brunei Times
856 _zRequest full-text at [email protected]
942 _2lcc
942 _cNEWS
942 _kNWSO 009493
999 _c15478
_d15478